01001 2200361 4500001002100000005001500021007000300036008004100039020002200080035002000102040002200122041001300144082000800157084001400165090002000179100002000199245008600219250000900305260003300314300003200347504002300379650001200402700003100414850001000445990002200455990002200477990002200499990002200521990002400543990002400567990002400591990002400615INLIS00000000000252120260601055644ta260601 0  a978-979-29-5073-1 a0010-0220000372 aSBPUPADbind, eng07aind, eng a398 a398 HAN a a370.1 WAR b 4-20 aHani Widiatmoko1 aAndi di Negeri Prajurit :bBuku Piano dengan Cerita Bergambar, /cHani Widiatmoko aEd.1 aYogyakarta :bRainbow,c2015 aviii, 56. :bilus. ;c28 cm aBibliografi hlm 55 4aDongeng0 aEditor: Sisilia Trina Dewi aPUPAD a27.791/H/DPK/2018 a27.792/H/DPK/2018 a27.793/H/DPK/2018 a27.794/B/DPK/2017 a33.335/DAK/DPK/2019 a33.336/DAK/DPK/2019 a33.337/DAK/DPK/2019 a33.338/DAK/DPK/2019